[Event "AUTO-MASTER-3050"]
[Site "http://www.queenalice.com/game.php?id=1773842"]
[Date "2021.11.2"]
[Round "2"]
[White "LuisGabriel_HD"]
[Black "cavaleiro_cambraia"]
[Result "0-1"]
[WhiteElo "1968"]
[BlackElo "2445"]

1. e4 e6 2. d4 d5 3. e5 Bd7 4. Nf3 c5 5. dxc5 Nc6 6. Bb5 Bxc5 7. O-O Nxe5 8.
Bxd7+ Nxd7 9. Bg5 Ne7 10. Nc3 a6 11. Qe2 h6 12. Bxe7 Bxe7 13. Rfe1 Nf6 14. Rad1
Rc8 15. Qe5 O-O 16. Rd3 Qb6 17. b3 Qa5 18. g3 Bb4 19. Ree3 Ng4 20. Qd4 Nxe3 21.
Rxe3 Bxc3 22. Qg4 Qxa2 23. Ne5 Qa1+ 24. Kg2 Bxe5 25. Qh5 Bd4 26. Rf3 Rxc2 27.
Qg4 Qb2 28. Qf4 e5 29. Qf5 e4 30. Rf4 g5 31. Rg4 Rxf2+ 32. Qxf2 Qxf2+ 33. Kh3
Qf1# 0-1

[Event "AUTO-OPEN-4287"]
[Site "http://www.queenalice.com/game.php?id=1776532"]
[Date "2021.12.8"]
[Round "2"]
[White "Shizumaru_Hisame"]
[Black "cavaleiro_cambraia"]
[Result "0-1"]
[WhiteElo "1966"]
[BlackElo "2434"]

1. e4 c5 2. Nf3 Nc6 3. e5 Qc7 4. Qe2 f6 5. exf6 Nxf6 6. b3 d6 7. Bb2 e5 8. d4
cxd4 9. Bxd4 Bf5 10. c4 O-O-O 11. Be3 d5 12. Bg5 Nb4 13. Na3 Nd3+ 14. Kd1 Bxa3
15. Ne1 Nb2+ 16. Kd2 dxc4+ 17. Ke3 Bc5+ 18. Kf3 e4+ 19. Qxe4 Bxe4+ 20. Ke2 Qd7
21. f3 Qd4 22. fxe4 Qf2# 0-1

[Event "AUTO-OPEN-4287"]
[Site "http://www.queenalice.com/game.php?id=1776533"]
[Date "2021.12.8"]
[Round "2"]
[White "cavaleiro_cambraia"]
[Black "Shizumaru_Hisame"]
[Result "1-0"]
[WhiteElo "2435"]
[BlackElo "1944"]

1. d4 e6 2. Nf3 c5 3. e4 d5 4. exd5 exd5 5. Bb5+ Bd7 6. Bxd7+ Qxd7 7. O-O Nf6 8.
Ne5 Qf5 9. g4 Qc8 10. Re1 Be7 11. g5 Ne4 12. f3 f6 13. fxe4 fxe5 14. exd5 exd4
15. d6 Nc6 16. dxe7 Nxe7 17. Nd2 Qd7 18. Qh5+ g6 19. Qe2 O-O-O 20. Qxe7 Qg4+ 21.
Kh1 Rd7 22. Qxc5+ Kb8 23. Qe5+ Kc8 24. Qxh8+ Kc7 25. Qf6 d3 26. Nc4 dxc2 27.
Bf4+ Kc8 28. Re8+ Rd8 29. Rxd8# 1-0

[Event "AUTO-OPEN-4287"]
[Site "http://www.queenalice.com/game.php?id=1776536"]
[Date "2021.12.8"]
[Round "2"]
[White "danielglowinski"]
[Black "cavaleiro_cambraia"]
[Result "0-1"]
[WhiteElo "2559"]
[BlackElo "2441"]

1. e4 c5 2. Nf3 Nc6 3. Bb5 e6 4. O-O Nge7 5. Na3 a6 6. Be2 d5 7. d3 b6 8. Bd2 g6
9. Bc3 d4 10. Bd2 Bg7 11. c3 O-O 12. Rc1 e5 13. cxd4 exd4 14. Qc2 h6 15. h4 Be6
16. Rfe1 f5 17. Bf1 fxe4 18. dxe4 Rxf3 19. gxf3 Ne5 20. Qd1 N7c6 21. h5 Qh4 22.
Bg2 g5 23. b3 Rf8 24. b4 Nxf3+ 25. Qxf3 Rxf3 26. Bxf3 Ne5 27. Bg2 Bh3 0-1

[Event "AUTO-OPEN-4287"]
[Site "http://www.queenalice.com/game.php?id=1776537"]
[Date "2021.12.8"]
[Round "2"]
[White "cavaleiro_cambraia"]
[Black "danielglowinski"]
[Result "0-1"]
[WhiteElo "2449"]
[BlackElo "2588"]

1. c4 e6 2. Nf3 d5 3. b3 Nf6 4. Bb2 Be7 5. e3 O-O 6. Be2 dxc4 7. bxc4 c5 8. Qc2
Nc6 9. O-O h6 10. Nc3 e5 11. Rfd1 Be6 12. a3 Rc8 13. Rab1 Qe8 14. Ba1 Qd7 15. d3
Rb8 16. Nd2 b6 17. Nde4 Ne8 18. Bf3 f5 19. Nd2 Rc8 20. Nb5 Bf6 0-1

[Event "AUTO-OPEN-4284"]
[Site "http://www.queenalice.com/game.php?id=1780257"]
[Date "2022.1.13"]
[Round "2"]
[White "cavaleiro_cambraia"]
[Black "Fauquinelle"]
[Result "1-0"]
[WhiteElo "2459"]
[BlackElo "2037"]

1. d4 d5 2. c4 e6 3. Nc3 Nf6 4. Bg5 Be7 5. e3 Nfd7 6. Bxe7 Qxe7 7. cxd5 O-O 8.
dxe6 fxe6 9. Nf3 b6 10. Be2 Bb7 11. O-O Nf6 12. Qb3 Nd5 13. Rac1 Nd7 14. Bc4
N7f6 15. Ne5 Nxc3 16. Bxe6+ Kh8 17. Rxc3 Bd5 18. Bxd5 Nxd5 19. Qxd5 Rac8 20. Rc6
Rf6 21. Rfc1 Rxc6 22. Rxc6 g6 23. Nxg6+ hxg6 24. Rxg6 Qh7 25. Qe5+ 1-0

[Event "AUTO-OPEN-4284"]
[Site "http://www.queenalice.com/game.php?id=1780258"]
[Date "2022.1.13"]
[Round "2"]
[White "Fauquinelle"]
[Black "cavaleiro_cambraia"]
[Result "0-1"]
[WhiteElo "2004"]
[BlackElo "2446"]

1. e4 e5 2. Nf3 Nc6 3. Bb5 a6 4. Ba4 Nf6 5. O-O Be7 6. Re1 b5 7. Bb3 Bb7 8. Nc3
O-O 9. d4 Nxd4 10. Nxd4 exd4 11. Qxd4 c5 12. Qe3 c4 13. Bxc4 bxc4 14. f3 Re8 15.
Qd4 d5 16. Bg5 Qc7 17. e5 Bc5 0-1

[Event "AUTO-MASTER-3048"]
[Site "http://www.queenalice.com/game.php?id=1781326"]
[Date "2022.1.26"]
[Round "2"]
[White "clovis"]
[Black "cavaleiro_cambraia"]
[Result "0-1"]
[WhiteElo "2118"]
[BlackElo "2447"]

1. e4 c5 2. Nf3 e6 3. d4 d5 4. exd5 exd5 5. Bb5+ Nc6 6. O-O Be7 7. Re1 Be6 8.
Nc3 Nf6 9. Ne5 Rc8 10. Bg5 O-O 11. Bxc6 bxc6 12. dxc5 Bxc5 13. Qf3 Be7 14. Na4
Qa5 15. b3 h6 16. Bh4 Qb4 17. Bg3 Ne4 18. c3 Qa5 19. Bf4 Bf6 20. Re3 c5 21. Rxe4
dxe4 22. Qxe4 c4 23. h3 cxb3 24. axb3 Bxb3 25. Nd7 Bxc3 26. Nxf8 Bxa1 0-1

[Event "AUTO-MASTER-3048"]
[Site "http://www.queenalice.com/game.php?id=1781327"]
[Date "2022.1.26"]
[Round "2"]
[White "cavaleiro_cambraia"]
[Black "clovis"]
[Result "1-0"]
[WhiteElo "2442"]
[BlackElo "2083"]

1. c4 Nf6 2. d4 e5 3. dxe5 Ng4 4. Nf3 Nc6 5. Nc3 Ngxe5 6. Nxe5 Nxe5 7. e3 Bb4 8.
Bd2 O-O 9. f4 Ng6 10. a3 Re8 11. axb4 Nxf4 12. Qf3 1-0

[Event "AUTO-MASTER-3048"]
[Site "http://www.queenalice.com/game.php?id=1781328"]
[Date "2022.1.26"]
[Round "2"]
[White "chessman"]
[Black "cavaleiro_cambraia"]
[Result "0-1"]
[WhiteElo "2020"]
[BlackElo "2443"]

1. e4 c5 2. Nf3 d6 3. Bb5+ Nd7 4. c4 Nf6 5. Nc3 g6 6. Ba4 Bg7 7. O-O O-O 8. d4
cxd4 9. Nxd4 Qb6 10. Nf3 Nc5 11. Bc2 Be6 12. Re1 Bxc4 13. Rb1 Ng4 14. Nd5 Bxd5
15. exd5 Nxf2 0-1

[Event "AUTO-MASTER-3048"]
[Site "http://www.queenalice.com/game.php?id=1781329"]
[Date "2022.1.26"]
[Round "2"]
[White "cavaleiro_cambraia"]
[Black "chessman"]
[Result "1-0"]
[WhiteElo "2444"]
[BlackElo "2018"]

1. c4 c6 2. Nf3 d5 3. b3 e6 4. Bb2 Nf6 5. e3 Be7 6. d4 O-O 7. Bd3 Re8 8. O-O
Nbd7 9. Nbd2 a6 10. Qc2 h6 11. Ne5 Nf8 12. f4 Bd7 13. g4 dxc4 14. bxc4 c5 15. g5
hxg5 16. fxg5 N6h7 17. Nxf7 1-0

[Event "AUTO-OPEN-4290"]
[Site "http://www.queenalice.com/game.php?id=1785715"]
[Date "2022.3.26"]
[Round "2"]
[White "cavaleiro_cambraia"]
[Black "MarcosT"]
[Result "0-1"]
[WhiteElo "2463"]
[BlackElo "2216"]

1. c4 Nf6 2. d4 d6 3. Nc3 Bf5 4. Nf3 e6 5. Qb3 b6 6. Nh4 Bg4 7. h3 Bh5 8. g4 Bg6
9. Bg2 c6 10. O-O h6 11. Nxg6 fxg6 12. Qc2 Be7 13. Qxg6+ Kd7 14. d5 cxd5 15.
cxd5 e5 0-1

[Event "AUTO-OPEN-4290"]
[Site "http://www.queenalice.com/game.php?id=1785716"]
[Date "2022.3.26"]
[Round "2"]
[White "MarcosT"]
[Black "cavaleiro_cambraia"]
[Result "1-0"]
[WhiteElo "2196"]
[BlackElo "2477"]

1. e4 c5 2. Nf3 e6 3. d3 Nc6 4. g3 d5 5. Nbd2 Nf6 6. Bg2 Bd6 7. O-O O-O 8. Re1
Qc7 9. Nb1 h6 10. b3 d4 11. Bb2 e5 12. c3 Be6 13. cxd4 cxd4 14. Nbd2 Rfc8 15.
Nc4 Bb4 16. Re2 1-0

[Event "AUTO-ELITE-2341"]
[Site "http://www.queenalice.com/game.php?id=1789655"]
[Date "2022.5.27"]
[Round "2"]
[White "Sexxy_Bunny"]
[Black "cavaleiro_cambraia"]
[Result "1-0"]
[WhiteElo "2839"]
[BlackElo "2443"]

1. e4 c5 2. Nf3 d6 3. d4 cxd4 4. Nxd4 a6 5. Nc3 g6 6. Be3 Bg7 7. Qd2 h5 8. O-O-O
Nf6 9. f3 b5 10. Kb1 Bb7 11. a3 Nbd7 12. Be2 Qc7 13. h4 Ne5 14. Rhe1 Rb8 15. Ka1
Ba8 16. Na2 Nfd7 17. Nb4 Nc5 18. Nb3 1-0

[Event "AUTO-ELITE-2341"]
[Site "http://www.queenalice.com/game.php?id=1789656"]
[Date "2022.5.27"]
[Round "2"]
[White "cavaleiro_cambraia"]
[Black "Sexxy_Bunny"]
[Result "0-1"]
[WhiteElo "2444"]
[BlackElo "2838"]

1. c4 e5 2. Nc3 Nf6 3. d3 Bb4 4. Bd2 O-O 5. a3 Bxc3 6. Bxc3 Re8 7. e3 d5 8. d4
e4 9. Rc1 Nbd7 10. Qc2 Nf8 11. c5 h5 12. b4 a6 13. a4 h4 14. h3 Nh5 15. Ne2 Qf6
16. b5 axb5 17. axb5 Ne6 0-1